Atlas nacional de México : Temperaturas extremas /

Atlas de México organizado en tres volúmenes que integran siete temas: mapas generales, historia, sociedad, naturaleza, medio ambiente, economía y México en el Mundo. La carta presente señala las temperaturas máxima y mínima que se registran en el territorio nacional en promedio anual, así como las...

Descripción completa

Guardado en:
Detalles Bibliográficos
Autor principal: García, Enriqueta (autor)
Otros autores: Vidal Zepeda, Rosalía (autor) (autor), Ortiz Pérez, Mario Arturo (coordinación del volumen) (coordinación del volumen), Vidal Zepeda, Rosalía (coordinación del volumen) (coordinación del volumen), García de Fuentes, Ana (coordinación general) (coordinación general)
Formato: Mapa
Publicado: México : UNAM, 1990, c1990
Colección:(Naturaleza. Clima ; 4.5)
Temas:
Etiquetas: Agrega una etiqueta
Sin etiquetas, Sé el primero en etiquetar este registro!

MARC

LEADER 00000nem^a2200000^a^4500
001 000125772
005 20250521000000.0
009 20260310094701.622
020 |a 968-36-1588-0 
020 |a 968-36-1586-4 
037 |a Acervo ITESO - Biblioteca 
041 |a GRA 
082 |a 912. 72  |b UNAM 1990 V. 4 T. 4.5 
100 |a García, Enriqueta  |e (autor) 
240 1 1 |a [Atlas nacional de México] 
245 1 0 |a Atlas nacional de México :  |b Temperaturas extremas /  |c E. García, R. Vidal Zepeda ; coord. del volumen de M.A. Ortiz Pérez, R. Vidal Zepeda ; coord. general de A. García de Fuentes. 
255 |c (O118º38'-O86º43'/N32º43'-N14º32') 
255 |a Escala 1 : 8 000 000 y 1 : 16 000 000 
264 4 |a México :  |b UNAM,  |c 1990, c1990 
300 |a 1 mapa 
336 |a imagen cartográfica estática  |b cri  |2 rdacontenido 
337 |a sin mediación  |b n  |2 rdamedio 
338 |a mapa  |b nz  |2 rdasoporte 
440 1 |a (Naturaleza.  |p Clima ;  |v 4.5) 
520 |a Atlas de México organizado en tres volúmenes que integran siete temas: mapas generales, historia, sociedad, naturaleza, medio ambiente, economía y México en el Mundo. La carta presente señala las temperaturas máxima y mínima que se registran en el territorio nacional en promedio anual, así como las máxima y mínima absoluta; se incluyen también las máximas y mínimas en los meses de enero y mayo. 
546 |a Edición gráfica con texto en español 
649 |a XX 
650 |a Atlas -  |z México 
650 |a México -  |x Mapas 
650 |a Temperatura Atmosférica -  |z México -  |x Mapas 
650 |a Meteorología 
650 |a Climatología 
650 |a Cartografía -  |z México 
650 |a Geografía -  |z México 
700 |a Vidal Zepeda, Rosalía  |e (autor) 
700 |a Ortiz Pérez, Mario Arturo  |e (coordinación del volumen) 
700 |a Vidal Zepeda, Rosalía  |e (coordinación del volumen) 
700 |a García de Fuentes, Ana  |e (coordinación general) 
910 |a Fondo General 
920 |a Gráficos - Mapas 
905 |a 503 
901 |a 0500058399  |b IT2  |c MAP  |u 20250521 
902 |a https://opac.biblio.iteso.mx/vufind/Record/000125772